000 00363nam a2200145Ia 4500
005 20251222144924.0
008 251222s9999||||xx |||||||||||||| ||spa||
020 _a9972921166
082 _a342/M96
100 _aMuñoz, Fanni
245 0 _a¿Qué Pensamos de la Descentralización?
250 _a1ra.ed.
264 _bEscuela para el Desarrollo
942 _cLIB
999 _c22831
_d22831